000 00453nmm a2200169Ia 4500
008 251105s9999||||xx |||||||||||||||||und||
020 _a9788467535075
041 _aspa
100 _aGómez Gil, Ricardo
245 0 _aCuentos crudos
264 _a[Madrid, España] :
_bGrupo SM,
_c2009
300 _a128 páginas
490 _aGran angular
650 _aSpanish narrative
856 _uhttps://public.digitaliapublishing.com/a/86081
942 _cCF
999 _c83767
_d83767